000 00942nam a2200301 a 4500
003 AR-BaBNM
005 20251128203722.0
008 082120s2002 ||||||||||||||000 | spa||
040 _cAR-BaBNM
245 0 0 _aThe Oxford anthology of american literature
260 _aNew York
_bOxford University Press
_c1941
300 _axxx, 1697 p.
500 _aContiene lista alfabética de autores en p. xxix
500 _aReferencias biográficas de los autores incluídos en la presente antología en p. 1577
500 _aReferencias bibliográficas en p. 1685
500 _aIndice de obras en p. 1699
650 4 _aLITERATURA ESTADOUNIDENSE
650 4 _aESCRITORES
650 4 _aANTOLOGIAS
650 4 _aHISTORIA LITERARIA
650 4 _aPOESIA
653 _aNARRATIVA
655 _aLITERATURA
700 1 _aRose Benét, William
_ecompilador
700 1 _aPearson, Norman Holmes
_ecompilador
942 _cBK
998 _cMARTIN
999 _c4626
_d4626